Nghiên cứu thành phần hóa học; chiết tách và phân lập cấu tử chính trong rễ cây hoàng cầm
Xác định thành phần hóa học trong các phân đoạn dung môi. Qui trình chiết tách, phân lập cấu tử chính có trong gốc và rễ cây Hoàng cầm từ đó định danh, xác định cấu trúc hóa học chất chiết được làm chất đánh dấu từ đó làm nền tảng cho việc xây dựng tiêu chuẩn đánh giá định tính, định lượng về chất l...
Đã lưu trong:
| 主要作者: | |
|---|---|
| 其他作者: | |
| 格式: | 圖書 |
| 語言: | Vietnamese |
| 出版: |
Đà Nẵng
Trường Đại học sư phạm Đà Nẵng
2017
|
| 主題: | |
| 標簽: |
添加標簽
沒有標簽, 成為第一個標記此記錄!
|
| Thư viện lưu trữ: | Mạng thư viện Đại học Đà Nẵng |
|---|
| LEADER | 02217nam a2200361 4500 | ||
|---|---|---|---|
| 001 | 000025263 | ||
| 003 | 21756 | ||
| 005 | 20170912140904.0 | ||
| 008 | 170912s2017 viesd | ||
| 041 | |a vie | ||
| 082 | 1 | 4 | |a 615.32396 |b NG-T |
| 100 | 1 | |a Nguyễn Minh Túy | |
| 245 | 1 | |a Nghiên cứu thành phần hóa học; chiết tách và phân lập cấu tử chính trong rễ cây hoàng cầm |c Nguyễn Minh Túy ; Đào Hùng Cường hướng dẫn. |k Luận văn Thạc sĩ | |
| 260 | |a Đà Nẵng |b Trường Đại học sư phạm Đà Nẵng |c 2017 | ||
| 300 | |a 74 tr., phụ lục 17 tr. |b hình mh. |c 29 cm. |e Tóm tắt | ||
| 500 | |a Luận văn thạc sĩ Khoa học. Chuyên ngành: Hóa hữu cơ. Mã số: 60.44.01.14 | ||
| 520 | 3 | |a Xác định thành phần hóa học trong các phân đoạn dung môi. Qui trình chiết tách, phân lập cấu tử chính có trong gốc và rễ cây Hoàng cầm từ đó định danh, xác định cấu trúc hóa học chất chiết được làm chất đánh dấu từ đó làm nền tảng cho việc xây dựng tiêu chuẩn đánh giá định tính, định lượng về chất lượng cho dược liệu Hoàng cầm. Sử dụng chất đã được xác định cấu trúc để tiêu chuẩn hóa chất lượng định tính, định lượng đối với nguyên liệu Hoàng cầm được dùng trong sản xuất của công ty Dược Danapha. | |
| 650 | 0 | 4 | |a Cây hoàng cầm |v Luận văn tốt nghiệp |x Dược liệu |x Nghiên cứu chiết tách |
| 653 | |a Hóa hữu cơ | ||
| 653 | |a Củ dền đỏ | ||
| 653 | |a Phẩm màu | ||
| 653 | |a Công nghệ thực phẩm | ||
| 700 | 1 | |a Đào Hùng Cường |c GS.TS. |e Hướng dẫn | |
| OWN | |a LSP | ||
| AVA | |a UDN50 |b LSP |d 615.32396 NG-T |e available |t Error 5001 Not defined in file expand_doc_bib_avail. |f 1 |g 0 |h N |i 0 |k 1 | ||
| 999 | |a From the UDN01 | ||
| AVA | |a UDN50 |b LSP |d 615.32396 NG-T |e available |t Error 5001 Not defined in file expand_doc_bib_avail. |f 1 |g 0 |h N |i 0 |k 1 | ||
| TYP | |a Monograph | ||
| TYP | |a Printed language | ||
| 980 | |a Mạng thư viện Đại học Đà Nẵng | ||